000 01327nam a22003737a 4500
003 CHAP
005 20220817044416.0
008 120430s2005 it ab r 00010 eng d
010 _a100139
011 _a101111
035 _a111797
040 _cCHAP
090 _aFolleto 18175y
110 2 _aFAO
245 1 0 _aAgriculture and intercultural dialogue. It's our common heritage /por FAO
260 _aRome :
_bFAO,
_c2009
300 _aHoja plegable. :
_bilus., mapa
500 _a25th World Food Day, 16 October 2005
590 _aBATCH-UPD
_b10
_c20130110
_lUCH01
_h0948
590 _aBATCH-UPD
_b10
_c20130410
_lUCH01
_h0603
590 _aBATCH-UPD
_b10
_c20130914
_lUCH01
_h1157
590 _aCONVERSION
_b10
_c20130109
_lUCH01
_h1355
650 1 4 _aAgricultura.
_91172
650 1 4 _aComunicación
_926206
650 1 4 _aDesarrollo rural.
_932067
650 1 4 _aEscasez de alimentos.
_937476
650 1 4 _aPolítica agrícola.
_990283
901 _aBK
942 _cFOLL
949 _aFolleto 18175y
_bBC
_cFAO
_d33724002331579
_eFAO1
_gDonaciØn
_i111797
_sb
949 _aFolleto 18175y
_bBC
_cFAO
_d33724002331611
_eFAO2
_fc.2
_gDonaciØn
_i111797
_sb
949 _aFolleto 18175y
_bBC
_cFAO
_d33724002331652
_eFAO2
_fc.4
_gDonaciØn
_i111797
_sb
949 _aFolleto 18175y
_bBC
_cFAO
_d33724002331694
_eFAO2
_fc.3
_gDonaciØn
_i111797
_sb
999 _c100139
_d100139